[Event "MISTRZOSTWA MIEDZYWOJEWODZKIE JUNIOROW O"]
[Site "Pokrzywna, OW SUDETY"]
[Date "2021.??.??"]
[Round "9.5"]
[White "Nowara, Filip"]
[Black "Wierzbicki, Dawid"]
[Result "1/2-1/2"]
[WhiteElo "1100"]
[BlackElo "1603"]
[PlyCount "24"]
[EventDate "2021.??.??"]

1. e4 d5 2. Nc3 dxe4 3. Nxe4 Bf5 4. Ng3 Bg6 5. Nf3 Nd7 6. d4 e6 7. Bd3 Bxd3 8.
Qxd3 Ngf6 9. O-O c5 10. Be3 cxd4 11. Bxd4 Be7 12. Rad1 O-O 1/2-1/2

[Event "MISTRZOSTWA MIEDZYWOJEWODZKIE JUNIOROW O"]
[Site "Pokrzywna, OW SUDETY"]
[Date "2021.??.??"]
[Round "9.6"]
[White "Wandor, Adam"]
[Black "Bytomski, Borys"]
[Result "1-0"]
[WhiteElo "1355"]
[BlackElo "1183"]
[PlyCount "32"]
[EventDate "2021.??.??"]

1. e4 e5 2. Nf3 Nc6 3. Bb5 Nf6 4. O-O d6 5. Nc3 Be7 6. h3 O-O 7. d3 h6 8. Re1
Be6 9. Be3 a6 10. Ba4 Qd7 11. d4 exd4 12. Nxd4 b5 13. Bb3 Bxb3 14. Nxc6 Qxc6
15. axb3 Rfe8 16. f3 Rad8 1-0

[Event "MISTRZOSTWA MIEDZYWOJEWODZKIE JUNIOROW O"]
[Site "Pokrzywna, OW SUDETY"]
[Date "2021.??.??"]
[Round "9.8"]
[White "Niemczyk, Krzysztof"]
[Black "Sokolowski, Antoni"]
[Result "1/2-1/2"]
[WhiteElo "1316"]
[BlackElo "1137"]
[PlyCount "26"]
[EventDate "2021.??.??"]

1. e4 c5 2. Nf3 d6 3. d4 cxd4 4. Nxd4 Nf6 5. Nc3 g6 6. f3 Bg7 7. Be3 Bd7 8. Bc4
Nc6 9. Bb3 a6 10. a4 O-O 11. Qd2 Qa5 12. g4 Nxd4 13. Bxd4 b5 1/2-1/2